| 000 | 00689nam a2200193Ia 4500 | ||
|---|---|---|---|
| 003 | GCL | ||
| 008 | 140319s9999 xx 000 0 ara d | ||
| 040 |
_aGCL / _cGCL |
||
| 082 | 0 | 4 |
_a822 _bم م |
| 100 | 1 | _aعبدالقادر حمزة | |
| 245 | 1 | 0 |
_aمن اجل الشعب / _cعبدالقادر حمزة |
| 700 | 1 | _aمورارو، نيكولاى | |
| 260 |
_aالقاهرة : _bالمركز القومى للمسرح والموسيقى ، _c2004 |
||
| 300 |
_a206 ص ؛ _c20 سم |
||
| 490 |
_aروائع المسرح العالمى _v6 |
||
| 650 | 0 | 4 | _aالمسرحيات الانجليزية المترجمة |
| 650 | 0 | 4 | _aالادب العالمى المترجم |
| 942 |
_2ddc _cBK |
||
| 999 |
_c6802 _d6802 |
||